| LEADER | 02155nam a2200289 a 4500 | ||
|---|---|---|---|
| 001 | 01070626 | ||
| 003 | GR-PaULI | ||
| 005 | 20230320144046.0 | ||
| 008 | 110707s2008 gr b 000 0 gre d | ||
| 952 | |0 0 |1 0 |2 ddc |4 0 |6 616_047000000000000_2_ΒΑΣ |7 0 |9 256490 |a LISP |b LISP |c BSC |d 2021-01-17 |e |f |g 0.00 |i 67317 |l 0 |o 616.047 2 ΒΑΣ |p 025000299219 |r 2021-01-17 00:00:00 |t 4 |v 2021.00 |w 2021-01-17 |y BK15 |x GrPaTEI | ||
| 952 | |0 0 |1 0 |2 ddc |4 0 |6 616_047000000000000_2_ΒΑΣ |7 0 |9 256491 |a LISP |b LISP |c BSC |d 2021-01-17 |e |f |g 0.00 |i 68258 |l 0 |o 616.047 2 ΒΑΣ |p 025000299218 |r 2021-01-17 00:00:00 |t 5 |v 2021.00 |w 2021-01-17 |y BK15 |x GrPaTEI | ||
| 952 | |0 0 |1 0 |2 ddc |4 0 |6 616_047000000000000_2_ΒΑΣ |7 0 |9 256492 |a LISP |b LISP |c BSC |d 2021-01-17 |e |f |g 0.00 |i 68257 |l 0 |o 616.047 2 ΒΑΣ |p 025000299217 |r 2021-01-17 00:00:00 |t 6 |v 2021.00 |w 2021-01-17 |y BK15 |x GrPaTEI | ||
| 952 | |0 0 |1 0 |2 ddc |4 0 |6 616_047200000000000_ΒΑΣ |7 0 |9 256493 |a LISK |b LISK |c EUD |d 2021-01-17 |e 24 |f 0 |g 0.00 |l 0 |o 616.0472 ΒΑΣ |p 99241000068093 |r 2021-01-17 00:00:00 |t 1 |w 2021-01-17 |y BK15 |x Purchase/Donation Number |x General Note |x GrPaTEI | ||
| 952 | |0 0 |1 0 |2 ddc |4 0 |6 616_047200000000000_ΒΑΣ |7 0 |9 256494 |a LISK |b LISK |c EUD |d 2021-01-17 |e 24 |f 0 |g 0.00 |l 0 |o 616.0472 ΒΑΣ |p 99241000068094 |r 2021-01-17 00:00:00 |t 1 |w 2021-01-17 |y BK15 |x Purchase/Donation Number |x General Note |x GrPaTEI | ||
| 952 | |0 0 |1 0 |2 ddc |4 0 |6 616_047200000000000_ΒΑΣ |7 0 |9 256495 |a LISK |b LISK |c ALF |d 2021-01-17 |e 24 |f 0 |g 0.00 |l 0 |o 616.0472 ΒΑΣ |p 99241000068345 |r 2021-01-17 00:00:00 |t 1 |w 2021-01-17 |y BKN |x Purchase/Donation Number |x General Note |x GrPaTEI | ||
| 999 | |c 150143 |d 150143 | ||
| 020 | |a 9789608969247 | ||
| 040 | |a GrPaTEI |b gre |c GR-PaULI |e AACR2 | ||
| 082 | 0 | 4 | |a 616.047 2 |b |2 23 |
| 100 | 1 | |a Βασιλάκος, Δημήτρης |9 196816 |e συγγραφέας. | |
| 245 | 1 | 2 | |a Ο πόνος και η αντιμετώπιση του / |c Δημήτρης Βασιλάκος. |
| 260 | |a Ιωάννινα : |b Εφύρα, |c c2008. | ||
| 300 | |a 822 σ. : |b εικ. ; |c 24 εκ. | ||
| 504 | |a Περιλαμβάνει βιβλιογραφικές παραπομπές | ||
| 650 | 4 | |a Πόνος |x Θεραπεία. |9 169891 | |
| 942 | |2 ddc |c BK | ||
| 998 | |c ΜΠΟΥΡΑΣ |d 2023-03 | ||